[Event "Clichy 3 - Canal Saint Martin"]
[Site "Canal Saint Martin"]
[Date "2008.11.23"]
[Round "3.3"]
[White "Milanovic, Dino"]
[Black "Nuding, Matthias"]
[Result "1/2-1/2"]
[WhiteElo "2172"]
[BlackElo "2133"]
[WhiteCountry "Clichy 3"]
[BlackCountry "Canal Saint Martin"]
[EventDate "2008.11.23"]

1. e4 c6 2. d4 d5 3. e5 c5 4. dxc5 e6 5. Nf3 Bxc5 6. Bd3 Nc6 7. O-O Nge7
8. Bf4 Ng6 9. Bg3 Bd7 10. c3 a6 11. Nbd2 Rc8 12. Qe2 Be7 13. Rfc1 O-O 14. Nb3
Qb6 15. h4 f5 16. h5 Nh8 17. Bf4 Qd8 18. Qe3 Na5 19. Nxa5 Qxa5 20. a4 Bc5
21. Qd2 Qd8 22. b4 Bb6 23. c4 dxc4 24. Bxc4 Qe7 25. Bg5 Qe8 26. Qa2 Nf7 27. Rd1
Bxa4 28. Bxe6 Bxd1 29. Rxd1 Kh8 30. Bxc8 Nxg5 31. Nxg5 Qxh5 32. Nf3 Rxc8 {=}
33. e6 Bd8 34. Qd5 Bf6 35. Qxb7 Re8 36. Qxa6 h6 37. Qc6 Kh7 38. Re1 Re7 39. b5
Qg4 40. b6 Qb4 41. Qc2 Qxb6 42. Qxf5+ Kg8 43. g3 Qd6 44. Kg2 Qc6 45. Kg1 Qc4
46. Kg2 Qc6 47. Qe4 Qxe4 48. Rxe4 g5 49. Ne1 Rc7 50. Nd3 Be7 51. Ne5 Kg7
52. Re2 h5 53. Nd7 Rc4 54. Kf3 Rb4 55. Re5 Kg6 56. Kg2 Rd4 57. Kf3 h4 58. gxh4
Rxh4 59. Re4 Kf5 60. Re2 Rf4+ 61. Kg2 Rg4+ 62. Kh3 Rh4+ 63. Kg2 Rg4+ 64. Kf3
Rf4+ 1/2-1/2

[Event "Clichy 3 - Canal Saint Martin"]
[Site "Canal Saint Martin"]
[Date "2008.11.23"]
[Round "3.4"]
[White "Gautier, Serge"]
[Black "Barthes, Christian"]
[Result "1-0"]
[WhiteElo "2120"]
[BlackElo "2109"]
[WhiteCountry "Canal Saint Martin"]
[BlackCountry "Clichy 3"]
[EventDate "2008.11.23"]

1. e4 c5 2. Nf3 Nc6 3. d4 cxd4 4. Nxd4 e6 5. Nb5 d6 6. Bf4 e5 7. Be3 Be7
8. Bc4 Nf6 9. Nd2 O-O 10. O-O a6 11. Nc3 b5 12. Bd5 Qc7 13. Bg5 Bg4 14. f3 Bd7
15. Kh1 Rac8 16. Bb3 Qb8 17. f4 exf4 18. Nf3 Be6 19. Bxf4 Bc4 20. Bxc4 bxc4
21. Qd2 Qxb2 22. Rab1 Qa3 23. Rb7 Rfd8 24. Nd5 Nxd5 25. exd5 c3 26. Qf2 Bf6
27. dxc6 Rxc6 28. Bg5 d5 29. Nd4 Rcd6 30. Nf5 Re6 31. Nh6+ Kf8 32. Bxf6 Rxf6
33. Qxf6 1-0

[Event "Clichy 3 - Canal Saint Martin"]
[Site "Canal Saint Martin"]
[Date "2008.11.23"]
[Round "3.5"]
[White "Kramo, Sosthène"]
[Black "Fillon, Damien"]
[Result "0-1"]
[WhiteElo "2090"]
[BlackElo "2095"]
[WhiteCountry "Clichy 3"]
[BlackCountry "Canal Saint Martin"]
[EventDate "2008.11.23"]

1. e4 Nf6 2. e5 Nd5 3. c4 Nb6 4. c5 Nd5 5. Bc4 c6 6. Nc3 d6 7. Nxd5 cxd5
8. Bxd5 e6 9. Bb3 dxc5 10. Nf3 Nc6 11. O-O Be7 12. Ba4 Bd7 13. d4 cxd4 14. Bf4
Qb6 15. Bxc6 Bxc6 16. Qxd4 Qxd4 17. Nxd4 Bd5 18. Nb5 O-O 19. Nc7 Rad8 20. Nxd5
Rxd5 21. Rfd1 Rfd8 22. Rxd5 Rxd5 23. Kf1 h6 24. Ke2 g5 25. Bg3 Kg7 26. Rd1 Rxd1
27. Kxd1 Kg6 28. Ke2 Kf5 29. Kd3 h5 30. h3 Bd8 31. f3 Bc7 32. Bf2 a6 33. b3
Bxe5 34. Kc4 Bd6 35. a4 Kf4 36. Kd3 g4 37. Ke2 gxf3+ 38. gxf3 Ke5 39. Kd3 Kd5
40. Be3 e5 41. Bf2 f5 42. Be1 Bc5 43. Bd2 e4+ 44. fxe4+ fxe4+ 45. Ke2 Ke5
46. Bc3+ Kf5 47. Bd2 Bd6 48. Kf2 Bf4 49. Bc3 Bc1 50. Bb4 Ke5 51. Bc3+ Kf4
52. Ba5 e3+ 53. Kg2 Ke4 54. Be1 Bd2 55. Bh4 e2 0-1

[Event "Clichy 3 - Canal Saint Martin"]
[Site "Canal Saint Martin"]
[Date "2008.11.23"]
[Round "3.6"]
[White "Laborde, Stéphane"]
[Black "Ané, Cédric"]
[Result "1-0"]
[WhiteElo "2087"]
[BlackElo "2054"]
[WhiteCountry "Canal Saint Martin"]
[BlackCountry "Clichy 3"]
[EventDate "2008.11.23"]

1. e4 c5 2. Nf3 Nc6 3. d4 cxd4 4. Nxd4 Qb6 5. Nb3 Nf6 6. Nc3 e6 7. Be3 Qc7
8. Bd3 a6 9. O-O d6 10. Na4 Nd7 11. c4 Nce5 12. Rc1 Nc5 13. Nbxc5 dxc5 14. Bb1
Be7 15. f4 Nd7 16. Qg4 O-O 17. Rf3 Nf6 18. Qh3 g6 19. e5 Ne8 20. Qh6 f5
21. exf6 Rxf6 22. Nc3 Nd6 23. Rh3 Bf8 24. Qg5 Ne8 25. Ne4 Rf5 26. Qg3 e5
27. Rh4 Be7 28. Ng5 Bxg5 29. fxg5 Rf7 30. Bd2 Re7 31. Bc3 b5 32. cxb5 axb5
33. Bb4 Re6 34. Bxc5 Rc6 35. b4 Bf5 36. Be4 Bxe4 37. Rxe4 Rxa2 38. Rxe5 Ng7
39. Rf1 Ra8 40. Qb3+ Kh8 41. Re7 Rxc5 42. Rxc7 Rxc7 43. Qd5 Rb8 44. Qxb5 Rcc8
45. Qd7 Rd8 46. Qc7 Rdc8 47. Qf7 Nf5 48. Qf6+ Kg8 49. g4 Ng7 50. Qf7+ Kh8
51. h4 1-0

[Event "Clichy 3 - Canal Saint Martin"]
[Site "Canal Saint Martin"]
[Date "2008.11.23"]
[Round "3.7"]
[White "Orozco, Raphaël"]
[Black "Bellardi, Michel"]
[Result "1-0"]
[WhiteElo "2044"]
[BlackElo "2058"]
[WhiteCountry "Clichy 3"]
[BlackCountry "Canal Saint Martin"]
[EventDate "2008.11.23"]

1. e4 c5 2. c3 d5 3. exd5 Qxd5 4. d4 Nf6 5. Nf3 Bg4 6. Be2 e6 7. h3 Bh5 8. c4
Qd8 9. Be3 cxd4 10. Nxd4 Bxe2 11. Qxe2 Bb4+ 12. Nd2 Ne4 13. Nf3 O-O 14. O-O
Nxd2 15. Bxd2 Bxd2 16. Nxd2 Nc6 17. Nf3 Qa5 18. a3 Rfd8 19. b4 Qf5 20. Rfd1 e5
21. Rxd8+ Rxd8 22. Rd1 Qf6 23. Rxd8+ Qxd8 24. b5 Nd4 25. Qxe5 Nxf3+ 26. gxf3 g6
27. c5 Qd7 28. b6 axb6 29. cxb6 Qc6 30. Qe3 h5 31. Kg2 Qd7 32. Qc5 Kg7 33. Qe5+
Kg8 34. a4 Qc6 35. a5 Kf8 36. Qb8+ Kg7 37. Qc7 Qd5 38. a6 h4 39. axb7 Qg5+
40. Kh2 Qd2 41. Qe5+ Kh7 42. Kg2 1-0

[Event "Clichy 3 - Canal Saint Martin"]
[Site "Canal Saint Martin"]
[Date "2008.11.23"]
[Round "3.8"]
[White "Baron-Egloff, Valérie"]
[Black "Eid, Maha"]
[Result "0-1"]
[WhiteElo "1680"]
[BlackElo "1932"]
[WhiteCountry "Canal Saint Martin"]
[BlackCountry "Clichy 3"]
[EventDate "2008.11.23"]

1. e4 c5 2. Nc3 e6 3. Be2 Nc6 4. Nf3 a6 5. O-O Qc7 6. Re1 d6 7. d3 Nf6 8. Bf4
b5 9. Bf1 b4 10. Na4 e5 11. Bd2 Bg4 12. h3 Bd7 13. b3 Be7 14. Nb2 h6 15. Nc4 g5
16. Nh2 Rg8 17. Ne3 h5 18. Nd5 Nxd5 19. exd5 Nd4 20. Rc1 g4 21. hxg4 hxg4
22. g3 f5 23. Bg2 Bg5 24. Bxg5 Rxg5 25. Qd2 Rh5 26. c3 bxc3 27. Rxc3 a5 28. Qe3
O-O-O 29. Qc1 Rdh8 30. Nf1 Nf3+ 31. Bxf3 gxf3 0-1

[Event "Tours de Haute Picardie 2 - Tour Blanche"]
[Site "Chauny"]
[Date "2008.11.26"]
[Round "3.1"]
[White "Derigny, Philippe"]
[Black "Kornman, Serge"]
[Result "1/2-1/2"]
[WhiteElo "2007"]
[BlackElo "2139"]
[WhiteCountry "Tours de Haute Picaedie 2"]
[BlackCountry "Tours Blanche"]
[EventDate "2008.11.23"]

1. e4 e6 2. d4 d5 3. Nc3 Nf6 4. e5 Nfd7 5. Nce2 c5 6. c3 b5 7. f4 Nc6 8. Nf3
b4 9. Be3 Qa5 10. Kf2 Be7 11. g3 Ba6 12. Bd2 Qb6 13. Be3 bxc3 14. bxc3 Rb8
15. Nd2 O-O 16. Nb3 c4 17. Nd2 Ba3 18. Bh3 Qa5 19. Nf3 Bb2 20. Qc2 Bxa1 21. Ng5
g6 22. Rxa1 Nd8 23. Bg4 Qa3 24. Bc1 Qa5 25. h4 Kg7 26. h5 Bb5 27. a4 Bc6
28. Ba3 Rh8 29. Be7 Qb6 30. h6+ Kg8 31. Bxd8 Qxd8 32. a5 Qe7 33. Ng1 Kf8
34. N1f3 Ke8 35. Nxf7 Qxf7 36. Ng5 Qe7 37. Nxe6 Nf8 38. Ng7+ Kd8 39. e6 Rg8
40. Qe2 Rxg7 41. hxg7 Qxg7 42. Re1 Rb7 43. a6 Rc7 44. Qb2 Qe7 45. Qb8+ Rc8
46. Qe5 h5 47. Bh3 Nh7 48. Rb1 Ng5 49. Rb8 Ne4+ 50. Kg2 Nd6 51. Rb2 Kc7 52. Kh2
Re8 53. Rf2 Kc8 1/2-1/2

[Event "Tours de Haute Picardie 2 - Tour Blanche"]
[Site "Chauny"]
[Date "2008.11.23"]
[Round "3.2"]
[White "Gantner, Ludovic"]
[Black "Godart, François"]
[Result "1-0"]
[WhiteElo "2069"]
[BlackElo "2012"]
[WhiteCountry "Tour Blanche"]
[BlackCountry "Tours de Haute Picardie 2"]
[EventDate "2008.11.23"]

1. e4 c6 2. d4 d5 3. exd5 cxd5 4. c4 Nf6 5. Nc3 Be6 6. Nge2 dxc4 7. Nf4 Bg4
8. f3 Bd7 9. Bxc4 e6 10. d5 e5 11. Nd3 Bd6 12. Qe2 O-O 13. Bg5 h6 14. Bh4 Re8
15. Ne4 Qa5+ 16. Qd2 Qxd2+ 17. Kxd2 Nxe4+ 18. fxe4 f5 19. a3 fxe4 20. Nf2 e3+
21. Kxe3 Bc5+ 22. Ke2 e4 23. h3 Na6 24. Ng4 Kh7 25. Rhf1 b5 26. Ba2 Bxg4+
27. hxg4 Rf8 28. Rxf8 Rxf8 29. Rf1 Rxf1 30. Kxf1 Bd6 31. Bb1 Nc5 32. Ke2 g5
33. Bf2 a6 34. b4 Nd7 35. Bxe4+ Kg7 36. Bf5 Ne5 37. Bc8 Nc4 38. Bxa6 Nxa3
39. Bc5 Bf4 40. Kd3 Kf6 41. Kc3 Ke5 42. d6 Ke6 43. Bc8+ Kf7 44. Bd7 Nc4
45. Bxb5 Nxd6 46. Bc6 Ke6 47. b5 Nf7 48. b6 Ne5 49. Bf3 Nd7 50. Bd4 Kd6 51. Kc4
Ne5+ 52. Kb5 Nd7 53. Ka6 Nb8+ 54. Ka7 Nc6+ 55. Bxc6 Kxc6 56. b7 Kd5 57. Bf2 Ke4
58. Ka8 Kd3 59. Ba7 1-0

[Event "Tours de Haute Picardie 2 - Tour Blanche"]
[Site "Chauny"]
[Date "2008.11.23"]
[Round "3.3"]
[White "Deneuville, Ludovic"]
[Black "Repage, Astrit"]
[Result "1/2-1/2"]
[WhiteElo "1976"]
[BlackElo "2128"]
[WhiteCountry "Tours de Haute Picardie 2"]
[BlackCountry "Tour Blanche"]
[EventDate "2008.11.23"]

1. d4 Nf6 2. c4 c6 3. Nc3 d5 4. cxd5 Nxd5 5. e4 Nxc3 6. bxc3 g6 7. Bc4 Bg7
8. Ne2 O-O 9. Be3 Nd7 10. Qd2 Nb6 11. Bb3 e5 12. Bh6 exd4 13. Bxg7 Kxg7
14. cxd4 Re8 15. Qf4 Be6 16. O-O Bxb3 17. axb3 Qf6 18. Qxf6+ Kxf6 19. f3 a6
20. Rfd1 Rad8 21. Kf2 Nc8 22. Nc3 Na7 23. d5 Nb5 24. Nxb5 cxb5 25. Rdc1 Rc8
26. Ke3 Ke5 27. f4+ Kd6 28. Kd4 Kd7 29. e5 Rxc1 30. Rxc1 b6 31. Rc6 Rb8 32. g4
a5 33. Kc3 Rc8 34. Rxc8 Kxc8 1/2-1/2

[Event "Tours de Haute Picardie 2 - Tour Blanche"]
[Site "Chauny"]
[Date "2008.11.23"]
[Round "3.4"]
[White "Mondon, Fabrice"]
[Black "Dumortier, Thierry"]
[Result "1-0"]
[WhiteElo "1998"]
[BlackElo "1971"]
[WhiteCountry "Tour Blanche"]
[BlackCountry "Tours de Haute Picardie 2"]
[EventDate "2008.11.23"]

1. e4 Nf6 2. e5 Nd5 3. d4 d6 4. Nf3 g6 5. Bc4 c6 6. O-O Bg7 7. Bg5 O-O 8. Qd2
Nc7 9. Bh6 Be6 10. Bd3 dxe5 11. dxe5 Bd5 12. Bxg7 Kxg7 13. Qe3 Bxf3 14. Qxf3
Nd7 15. Qe3 Nd5 16. Qe4 Qc7 17. Re1 e6 18. Nd2 Rfd8 19. Nf3 Qb6 20. Qa4 Nb4
21. a3 Nxd3 22. cxd3 Nc5 23. Qh4 Rxd3 24. Qf6+ Kg8 25. Ng5 Qc7 26. b4 Nb3
27. Rab1 Rad8 28. Rxb3 Rxb3 29. Nxf7 Qxf7 30. Qxd8+ Kg7 31. Rd1 Qf4 32. Qd7+
Qf7 33. Qc8 Rxa3 34. h3 Kh6 35. Qd8 g5 36. h4 gxh4 37. Qxh4+ Qh5 38. Qf4+ Qg5
39. Qc4 Qxe5 40. Qc1+ 1-0

[Event "Tours de Haute Picardie 2 - Tour Blanche"]
[Site "Chauny"]
[Date "2008.11.23"]
[Round "3.5"]
[White "Navel, Jean-Yves"]
[Black "Tréguer, Pierig"]
[Result "0-1"]
[WhiteElo "1890"]
[BlackElo "1955"]
[WhiteCountry "Tours de Haute Picardie 2"]
[BlackCountry "Tour Blanche"]
[EventDate "2008.11.23"]

1. e4 c5 2. Nf3 Nc6 3. d4 cxd4 4. Nxd4 Nf6 5. Nc3 e5 6. Ndb5 d6 7. Bg5 a6
8. Na3 b5 9. Nd5 Be7 10. Bxf6 Bxf6 11. c3 Ne7 12. Nxf6+ gxf6 13. Nc2 f5 14. Bd3
fxe4 15. Bxe4 d5 16. Bf3 Be6 17. O-O Qd6 18. a4 O-O 19. axb5 axb5 20. Qd2 Rad8
21. Rfd1 Kh8 22. Nb4 Rg8 23. Ra6 Qc5 24. g3 Rg6 25. Qe2 Qc7 26. Qxb5 e4 27. Bg2
Rb8 28. Qa5 Qe5 29. Ra8 Rxa8 30. Qxa8+ Kg7 31. Qa7 Nf5 32. Nc6 Qd6 33. Nd4 Nh4
34. Bxe4 dxe4 35. Nf5+ Bxf5 36. Rxd6 Nf3+ 37. Kg2 Rxd6 38. Qc5 Rf6 39. b4 Ne1+
40. Kf1 Nd3 41. Qd4 Bh3+ 42. Ke2 Bg4+ 43. Ke3 Nxf2 44. Qxf6+ Kxf6 45. Kxf2 Ke5
46. b5 Bd7 47. b6 Bc8 48. Ke3 Kd5 49. g4 h6 50. h4 Kc4 51. g5 h5 52. Kd2 Bb7
0-1

[Event "Tours de Haute Picardie 2 - Tour Blanche"]
[Site "Chauny"]
[Date "2008.11.23"]
[Round "3.6"]
[White "Tagnon, Nicole"]
[Black "Spirta, Boris"]
[Result "1-0"]
[WhiteElo "1956"]
[BlackElo "1824"]
[WhiteCountry "Tour Blanche"]
[BlackCountry "Tours de Haute Picardie 2"]
[EventDate "2008.11.23"]

1. e4 c5 2. Nf3 d6 3. d4 cxd4 4. Nxd4 Nf6 5. Nc3 g6 6. Be3 Bg7 7. Bc4 Ng4
8. Bb5+ Kf8 9. O-O Nxe3 10. fxe3 Qb6 11. Qf3 f6 12. Nd5 Qc5 13. b4 1-0

[Event "Tours de Haute Picardie 2 - Tour Blanche"]
[Site "Chauny"]
[Date "2008.11.23"]
[Round "3.7"]
[White "Godart, Michel"]
[Black "Aloyau, Jean-Pierre"]
[Result "1-0"]
[WhiteElo "1829"]
[BlackElo "1910"]
[WhiteCountry "Tours de Haute Picardie 2"]
[BlackCountry "Tour Blanche"]
[EventDate "2008.11.23"]

1. Nf3 Nf6 2. b3 d5 3. Bb2 c5 4. e3 Nc6 5. Be2 Bg4 6. h3 Bh5 7. d3 e6 8. Ne5
Bxe2 9. Qxe2 Bd6 10. Nxc6 bxc6 11. e4 Bc7 12. Nd2 O-O 13. e5 Nd7 14. O-O Qh4
15. f4 Bb6 16. Kh1 Rae8 17. g3 Qd8 18. Nf3 Bc7 19. Rad1 Ba5 20. Rc1 Qc8 21. d4
Bb6 22. Ba3 Qb7 23. c4 Qa6 24. Qb2 Rc8 25. Rfd1 Rfd8 26. dxc5 Bxc5 27. b4 Be3
28. Rc3 Qa4 29. Qe2 Nb6 30. Rdd3 d4 31. Nxd4 Bxd4 32. Qd2 c5 33. bxc5 Nxc4
34. Rxd4 Nxd2 35. Rxa4 Nb1 36. Rc2 Rd3 37. Bb4 Rd4 38. Rb2 Nc3 39. Rxa7 Nd5
40. Bd2 h5 41. Rc2 Rc6 42. a4 Nb6 43. Ra6 1-0

[Event "Tours de Haute Picardie 2 - Tour Blanche"]
[Site "Chauny"]
[Date "2008.11.23"]
[Round "3.8"]
[White "Tilquin, Jean-Pierre"]
[Black "Colnot, Rlodie"]
[Result "1-0"]
[WhiteElo "1956"]
[BlackElo "1490"]
[WhiteCountry "Tour Blanche"]
[BlackCountry "Tours de Haute Picardie 2"]
[EventDate "2008.11.23"]

1. e4 e5 2. Nf3 Nc6 3. Bb5 Nge7 4. O-O g6 5. d4 Bg7 6. d5 Nd4 7. Nxd4 exd4
8. c3 c5 9. cxd4 Bxd4 10. Nd2 O-O 11. Nf3 Qb6 12. Nxd4 cxd4 13. Bc4 Qc5 14. Bb3
d6 15. Bh6 Rd8 16. Rc1 Qb6 17. Qf3 f5 18. Rfe1 Kh8 19. e5 dxe5 20. Rxe5 Qf6
21. Qf4 Qd6 22. Qxd4 Ng8 23. Re6+ 1-0